000 00320pab a2200133 454500
008 180718b1991 xxu||||| |||| 00| 0 eng d
245 _aAfter the Gulf War
_bA symposium on the consequences of the Gulf War
260 _c1991
300 _a12-49
362 _aMay
650 _aWar
773 _aSeminar
909 _a20544
999 _c20544
_d20544